[Event "Druzynowe Mistrzostwa Polski - II Liga Seniorow"]
[Site "Ustron/Slaski Zwiazek Szachowy"]
[Date "2008.09.12"]
[Round "7.88"]
[White "Pfranger, Adam"]
[Black "Kalinowski, Roman"]
[Result "1/2-1/2"]
[WhiteTitle "k"]
[BlackTitle "I"]
[WhiteElo "2161"]
[BlackElo "2225"]

1. e4 e6 2. d4 d5 3. Nd2 dxe4 4. Nxe4 Bd7 5. Nf3 Bc6 6. Bd3 Nd7 7. O-O Ngf6 8.
Ng3 Be7 9. Re1 Bxf3 10. Qxf3 c6 11. c3 O-O 12. Bf4 Re8 13. Rad1 Nf8 14. Ne4
Nxe4 15. Qxe4 Qd5 16. a3 Qxe4 17. Bxe4 Bf6 18. Bg3 Ng6 19. Rd3 Red8 20. Red1
Rd7 21. f4 Ne7 22. Bf2 Rad8 23. Kf1 g6 24. Ke2 Kf8 25. g4 Nd5 26. Bg3 Nb6 27.
b3 Nc8 28. Bf2 Kg7 29. c4 Be7 30. a4 Bd6 31. Bg3 Ne7 32. Bg2 Bc7 33. Bf1 Rh8
34. Kf3 h5 35. h3 hxg4+ 36. hxg4 Bb6 37. Be1 f6 38. Bc3 Kf7 39. a5 Bc7 40. Bg2
Rh4 41. Be1 Rh8 42. Bc3 Rh4 43. Be1 Rh8 44. a6 b5 45. Bc3 Bb6 46. Bf1 Rhd8 47.
R3d2 b4 48. Bxb4 Rxd4 49. Rxd4 Rxd4 50. Rxd4 Bxd4 51. Bd6 Nc8 52. Ba3 g5 53.
fxg5 fxg5 54. Ke4 Bf6 55. Bc5 Ke8 56. b4 Kd7 57. Be3 Kc7 58. Be2 Nb6 59. Bf2
Nc8 60. Bg3+ Kd7 61. Kd3 Be7 62. Kc3 c5 63. b5 Bd6 64. Bf2 Be5+ 65. Kd3 Kd6 66.
Ke4 Bf4 67. Be1 Nb6 68. Bc3 Kc7 69. Bf6 Nd7 70. Be7 Kc8 71. Bf1 Kc7 72. Be2 Kc8
73. Kd3 Kc7 74. Kc3 Be5+ 75. Kd3 1/2-1/2

[Event "Druzynowe Mistrzostwa Polski - II Liga Seniorow"]
[Site "Ustron/Slaski Zwiazek Szachowy"]
[Date "2008.09.12"]
[Round "7.89"]
[White "Bartoszek, Henryk"]
[Black "Ziebinski, Bartosz"]
[Result "1/2-1/2"]
[WhiteTitle "I"]
[BlackTitle "I"]
[WhiteElo "1981"]
[BlackElo "1939"]

1. d4 Nf6 2. c4 g6 3. Nc3 Bg7 4. e4 d6 5. h3 O-O 6. Be2 Nbd7 7. Nf3 e5 8. Be3
a5 9. O-O h6 10. Qc1 Kh7 11. Rd1 Qe7 12. d5 Nc5 13. Nd2 Ne8 14. f3 f5 15. Nb3
f4 16. Bf2 Nd7 17. Qd2 b6 18. Kh2 g5 19. Rh1 Ndf6 20. Kg1 h5 21. Qd3 Bh6 22.
Kf1 Rg8 23. Ke1 Bd7 24. a4 Qg7 1/2-1/2

[Event "Druzynowe Mistrzostwa Polski - II Liga Seniorow"]
[Site "Ustron/Slaski Zwiazek Szachowy"]
[Date "2008.09.12"]
[Round "7.90"]
[White "Pacak, Patrycja"]
[Black "Sosnowska, Elzbieta"]
[Result "0-1"]
[WhiteTitle "I"]
[BlackTitle "WFM"]
[WhiteElo "1771"]
[BlackElo "2008"]

1. e4 e5 2. Nf3 Nf6 3. Nxe5 d6 4. Nf3 Nxe4 5. Nc3 Nxc3 6. dxc3 Be7 7. Be3 O-O
8. Qd2 Nd7 9. O-O-O Nc5 10. Nd4 Bf6 11. f3 Re8 12. g4 Bxg4 13. Rg1 Bh5 14. Bc4
Ne6 15. Rg3 Bg6 16. f4 Nxd4 17. cxd4 d5 18. Be2 Qd7 19. Rf1 Bf5 20. Bd3 Re7 21.
Rfg1 g6 22. Bf2 Rae8 23. R3g2 Be4 24. Rg4 Qf5 25. Bh4 Bxh4 26. Rxh4 Bxd3 27.
cxd3 Re2 28. Qc3 h5 29. Rg5 Qf6 30. Qxc7 Qxd4 31. f5 Qxb2+ 32. Kd1 Qd2# 0-1

[Event "Druzynowe Mistrzostwa Polski - II Liga Seniorow"]
[Site "Ustron/Slaski Zwiazek Szachowy"]
[Date "2008.09.12"]
[Round "7.91"]
[White "Kacprzak, Robert"]
[Black "Rys, Marek"]
[Result "1-0"]
[WhiteTitle "II"]
[BlackTitle "II"]
[WhiteElo "1888"]
[BlackElo "1828"]

1. Nf3 Nf6 2. c4 e6 3. g3 d5 4. Bg2 Bd6 5. d4 b6 6. Nbd2 O-O 7. O-O Nbd7 8. b3
Bb7 9. Bb2 c6 10. Qc2 dxc4 11. Nxc4 Bc7 12. e4 c5 13. e5 Nd5 14. dxc5 Nxc5 15.
a3 b5 16. Ncd2 Nd7 17. Rad1 Rc8 18. Qb1 Bb8 19. Ne4 Nc5 20. Nfg5 Nxe4 21. Nxe4
Qe7 22. b4 f5 23. exf6 Nxf6 24. Nxf6+ gxf6 25. Bxb7 Qxb7 26. Rd4 Qf3 27. Rd7
Qh5 28. Rfd1 Rc4 29. Qd3 Rcc8 30. Qe4 e5 31. Qd5+ Kh8 32. Qxb5 Rc2 33. Rd8 Rc8
34. Rxf8+ Rxf8 35. Qd5 Qe2 36. Qd2 Qe4 37. Qh6 Kg8 38. Rd7 Qe1+ 39. Kg2 Qe4+
40. f3 Qc2+ 41. Qd2 Qc8 42. Bc1 Bc7 43. Qd5+ Kh8 44. Bh6 1-0

[Event "Druzynowe Mistrzostwa Polski - II Liga Seniorow"]
[Site "Ustron/Slaski Zwiazek Szachowy"]
[Date "2008.09.12"]
[Round "7.92"]
[White "Mackowiak, Marek"]
[Black "Rychlik, Piotr"]
[Result "1/2-1/2"]
[WhiteTitle "k"]
[BlackTitle "I++"]
[WhiteElo "2197"]
[BlackElo "2074"]

1. c4 c5 2. Nc3 Nf6 3. Nf3 e6 4. d4 cxd4 5. Nxd4 a6 6. e3 Be7 7. Be2 O-O 8. O-O
d6 9. b3 Qc7 10. Bf3 d5 11. Bb2 e5 12. cxd5 exd4 13. Qxd4 Bd6 14. Ne4 Nbd7 15.
Rac1 Qb8 16. Nxd6 Qxd6 17. g3 Re8 18. Bg2 Qe5 19. Qd2 Qf5 20. Qd4 Qe5 1/2-1/2

[Event "Druzynowe Mistrzostwa Polski - II Liga Seniorow"]
[Site "Ustron/Slaski Zwiazek Szachowy"]
[Date "2008.09.12"]
[Round "7.93"]
[White "Kowalczuk, Wojciech"]
[Black "Rys, Sebastian"]
[Result "1-0"]
[WhiteTitle "k"]
[BlackTitle "I+"]
[WhiteElo "2201"]
[BlackElo "1973"]

1. e4 e5 2. Nf3 Nc6 3. Bc4 Bc5 4. O-O d6 5. c3 Nf6 6. d3 h6 7. b4 Bb6 8. h3 O-O
9. Bb3 Be6 10. Nbd2 Bxb3 11. Qxb3 a6 12. a4 Nh5 13. Nc4 Ba7 14. Ne3 Ne7 15. d4
exd4 16. cxd4 Nf4 17. Bb2 Neg6 18. Rfe1 Qd7 19. Rad1 Rae8 20. Nf1 Kh8 21. Ng3
d5 22. Ne5 Nxe5 23. dxe5 d4 24. Nf5 Ne6 25. Rd2 c5 26. bxc5 Nxc5 27. Qg3 Ne6
28. Bxd4 Bxd4 29. Rxd4 Qc7 30. Rd6 Rg8 31. Red1 Qc2 32. Rd7 Nc5 33. R7d2 Qxa4
34. Rd4 Qc6 35. Qh4 g5 36. Qg4 Kh7 37. Rd6 1-0

[Event "Druzynowe Mistrzostwa Polski - II Liga Seniorow"]
[Site "Ustron/Slaski Zwiazek Szachowy"]
[Date "2008.09.12"]
[Round "7.94"]
[White "Sron, Przemyslaw"]
[Black "Gusarow, Mariusz"]
[Result "0-1"]
[WhiteTitle "I"]
[BlackTitle "I+"]
[WhiteElo "1893"]
[BlackElo "2161"]

1. c4 Nf6 2. Nc3 g6 3. g3 Bg7 4. Bg2 O-O 5. Nf3 d6 6. d4 c5 7. O-O Nc6 8. dxc5
dxc5 9. Be3 Be6 10. Bxc5 Qa5 11. Ba3 Bxc4 12. Qa4 Qxa4 13. Nxa4 b5 14. Nd2 Bd5
15. e4 Be6 16. Nc5 b4 17. Rac1 Rac8 18. Nxe6 fxe6 19. Rxc6 Rxc6 20. Bxb4 Rc2
21. Bc3 Nd7 22. Bh3 Bxc3 23. Bxe6+ Kg7 24. Nb1 Bd4 25. Bxd7 Rfxf2 0-1

[Event "Druzynowe Mistrzostwa Polski - II Liga Seniorow"]
[Site "Ustron/Slaski Zwiazek Szachowy"]
[Date "2008.09.12"]
[Round "7.95"]
[White "Machlowski, Slawomir"]
[Black "Rubinowski, Sebastian"]
[Result "1-0"]
[WhiteTitle "I"]
[BlackTitle "I++"]
[WhiteElo "2147"]
[BlackElo "2106"]

1. g3 g6 2. Bg2 Bg7 3. c4 e5 4. Nc3 Nc6 5. Rb1 f5 6. d3 Nf6 7. Nd5 Ne7 8. Nxf6+
Bxf6 9. h4 c6 10. Qa4 d5 11. cxd5 Nxd5 12. Bh6 Be6 13. Nh3 Nb6 14. Qa5 Nd5 15.
Qd2 Qb6 16. Ng5 Bg8 17. e4 Nb4 18. a3 Na6 19. exf5 gxf5 20. Bh3 Bd5 21. O-O
O-O-O 22. Bxf5+ Kb8 23. Ne4 Bxe4 24. Bxe4 Nc5 25. Qe2 Nxe4 26. dxe4 Rhg8 27.
Kh2 Qb3 28. Rbd1 c5 29. Rxd8+ Rxd8 30. Rc1 b6 31. Be3 Rd3 32. Qc2 Qb5 33. b4 c4
34. a4 Qxb4 35. Qxc4 Qxc4 36. Rxc4 Kb7 37. Bg5 Bg7 38. f4 h6 39. Be7 Rd7 40.
Bb4 a5 41. Be1 Rd1 42. Bf2 Ra1 43. Kh3 h5 44. Be3 Bh6 45. Bc1 Rb1 46. Kg2 Ra1
47. Kf2 Bf8 48. fxe5 Bb4 49. e6 Rxa4 50. Kf3 Ra1 51. Bf4 b5 52. Rc7+ Kb6 53. e7
Bxe7 54. Rxe7 b4 55. Be3+ Kb5 56. e5 b3 57. Rb7+ Kc4 58. e6 Rf1+ 59. Bf2 Rd1
60. e7 Rd3+ 1-0

[Event "Druzynowe Mistrzostwa Polski - II Liga Seniorow"]
[Site "Ustron/Slaski Zwiazek Szachowy"]
[Date "2008.09.12"]
[Round "7.96"]
[White "Napierala, Malgorzata"]
[Black "Kmiecik, Emilia"]
[Result "1-0"]
[WhiteTitle "I"]
[BlackTitle "I"]
[WhiteElo "1767"]
[BlackElo "1860"]

1. e4 c5 2. f4 g6 3. Nf3 Bg7 4. Bc4 e6 5. O-O Ne7 6. d4 cxd4 7. Nxd4 Qb6 8. c3
Nbc6 9. Na3 O-O 10. Nac2 Na5 11. Be2 a6 12. Kh1 Qc7 13. f5 f6 14. Ne3 b5 15. b4
Nac6 16. Qb3 Nxd4 17. cxd4 Kh8 18. Bb2 Qb6 19. Rad1 Bb7 20. d5 exd5 21. fxg6
Nxg6 22. Nxd5 Bxd5 23. Qxd5 Qe6 24. Bf3 Rad8 25. h3 Ne7 26. Qb3 Nc6 27. Qa3 Qc4
28. Bc3 Ne5 29. Qb2 Nd3 30. Qd2 Ne5 31. a3 Qe6 32. Qd6 Nc4 33. Qf4 Nxa3 34. Bg4
Qc6 35. Ba1 Nc4 36. Bf5 Ne5 37. Qh4 h6 38. Rd5 Qc4 39. Rfd1 Qxb4 40. Rd6 Kg8
41. Qg3 Rde8 42. Bxe5 Rxe5 43. Rxd7 Re7 44. Qg6 Rfe8 45. R1d6 Kf8 46. Rxf6+
Bxf6 47. Qxf6+ Kg8 48. Qg6+ Kf8 49. Qxh6+ Kg8 50. Be6+ Rxe6 51. Qg7# 1-0

[Event "Druzynowe Mistrzostwa Polski - II Liga Seniorow"]
[Site "Ustron/Slaski Zwiazek Szachowy"]
[Date "2008.09.12"]
[Round "7.97"]
[White "Szymanski, Piotr"]
[Black "Lusio, Stanislaw"]
[Result "1/2-1/2"]
[WhiteTitle "k+"]
[BlackTitle "I"]
[WhiteElo "2210"]
[BlackElo "1964"]

1. d4 d5 2. Nf3 Nf6 3. c4 e6 4. Nc3 Nbd7 5. Bg5 Be7 6. e3 c6 7. cxd5 exd5 8.
Bd3 h6 9. Bh4 Nh5 10. Bxe7 Qxe7 11. O-O Nhf6 12. Qc2 O-O 13. Rab1 Re8 14. b4
Ne4 15. b5 Nxc3 16. Qxc3 c5 17. dxc5 Nxc5 18. Rbc1 b6 19. Nd4 Bd7 20. Bf5 Be6
21. Bb1 Qf6 22. Qc2 g6 23. Nxe6 Rxe6 24. Rfd1 Rd6 25. Rd4 1/2-1/2

[Event "Druzynowe Mistrzostwa Polski - II Liga Seniorow"]
[Site "Ustron/Slaski Zwiazek Szachowy"]
[Date "2008.09.12"]
[Round "7.99"]
[White "Sokolowski, Krzysztof"]
[Black "Pietal, Leszek"]
[Result "1-0"]
[WhiteTitle "I"]
[BlackTitle "I"]
[WhiteElo "2021"]
[BlackElo "1961"]

1. e4 e5 2. Nf3 Nc6 3. Bb5 Nge7 4. d3 g6 5. Be3 Bg7 6. Nc3 O-O 7. Qd2 d5 8.
exd5 Nxd5 9. Nxd5 Qxd5 10. Bc4 Qd6 11. Ng5 Bf5 12. h3 Rad8 13. g4 Bd7 14. Ne4
Qb4 15. c3 Qe7 16. Bg5 Bh6 17. Bxh6 Kh8 18. Bxf8 Qxf8 19. Nf6 Qg7 20. g5 Bf5
21. Qe3 Qf8 22. O-O-O Rd6 23. h4 Ne7 24. Qxe5 Nc6 25. Qe8 Qxe8 26. Nxe8 Rd7 27.
Nf6 Re7 28. Rde1 Be6 29. Bxe6 fxe6 30. h5 Kg7 31. hxg6 Kxg6 32. f4 e5 33. fxe5
Nxe5 34. Kc2 Kxg5 35. Nd5 Re8 36. d4 c6 37. Nb4 c5 38. Nd5 cxd4 39. cxd4 Rc8+
40. Nc3 Nf3 41. Rd1 h5 42. d5 h4 43. d6 Rd8 44. Ne4+ Kf5 45. Nc5 Ke5 46. d7
Nd4+ 47. Kc3 Nb5+ 48. Kc4 Nd6+ 49. Kb4 b6 50. Rhe1+ Kf6 51. Rxd6+ Kf7 52. Nb7
1-0

[Event "Druzynowe Mistrzostwa Polski - II Liga Seniorow"]
[Site "Ustron/Slaski Zwiazek Szachowy"]
[Date "2008.09.12"]
[Round "7.100"]
[White "Lusio, Marek"]
[Black "Obiedzinski, Pawel"]
[Result "1/2-1/2"]
[WhiteTitle "II"]
[BlackTitle "I++"]
[WhiteElo "1824"]
[BlackElo "2008"]

1. d4 d5 2. c4 e6 3. Nc3 Nf6 4. Bg5 Be7 5. e3 O-O 6. Nf3 Nbd7 7. Bd3 dxc4 8.
Bxc4 a6 9. O-O b5 10. Bb3 Bb7 11. Rc1 c5 12. Bxf6 Bxf6 13. a3 cxd4 14. Nxd4 Qe7
15. Bc2 Rfd8 16. Ne4 Be5 17. f4 Bc7 18. Ng5 Nf6 19. Qe2 Bb6 20. Rfd1 Rac8 21.
Ngf3 g6 1/2-1/2